000 00495nam a2200193Ia 4500
005 20240418153240.0
008 131103s9999 xx 000 0 und d
040 _aLoreto College
041 _aEnglish
082 _a370.15
_bROS
100 _aJames,s.Ross
245 _aGroundwork of Educationnal Psychlogy
_cJames S.Ross
260 _aCalcutta
_bOxford University press
_c1972
300 _a276p
504 _aIncludex Index
650 _aPsychology
850 _aLCBED
942 _cBK
999 _c26988
_d77467